Central Library OPAC University of Rajshahi

العرب والإسلام al araab walislam / (Record no. 80998)

MARC details
000 -LEADER
fixed length control field 00652naa a2200193 a 4500
003 - CONTROL NUMBER IDENTIFIER
rucl marc code BD-RjUL
005 - DATE AND TIME OF LATEST TRANSACTION
control field 20221220141938.0
008 - FIXED-LENGTH DATA ELEMENTS--GENERAL INFORMATION
fixed length control field 221220s1980 ii ||||| |||| 00| 0 ara d
035 ## - SYSTEM CONTROL NUMBER
System control number (BD-RjUL)
040 ## - CATALOGING SOURCE
Original cataloging agency BD-RjUL
Language of cataloging eng
Transcribing agency BD-RjUL
041 ## - LANGUAGE CODE
Language code of text/sound track or separate title eng
082 ## - DEWEY DECIMAL CLASSIFICATION NUMBER
Edition number 23
Classification number 297.09
Author mark and year NAA 1980
100 10 - MAIN ENTRY--PERSONAL NAME
Personal name Nadawi, Abu Al-Hassan Ali الندوي, أبو الحسن علي
9 (RLIN) 6388
245 14 - TITLE STATEMENT
Title العرب والإسلام al araab walislam /
Statement of responsibility, etc. Abu Al-Hassan Ali Al-Nadawi أبو الحسن علي الندوي
264 ## - PRODUCTION, PUBLICATION, DISTRIBUTION, MANUFACTURE, AND COPYRIGHT NOTICE
Place of production, publication, distribution, manufacture Lakhnu :
Name of producer, publisher, distributor, manufacturer Matbat Lakhnu,
Date of production, publication, distribution, manufacture, or copyright notice 1980
300 ## - PHYSICAL DESCRIPTION
Pagination 120 p. ;
Size 22 cm
650 ## - SUBJECT ADDED ENTRY--TOPICAL TERM
Topical term or geographic name as entry element History
Form subdivision Islam
9 (RLIN) 6293
942 ## - ADDED ENTRY ELEMENTS (KOHA)
Source of classification or shelving scheme Dewey Decimal Classification
Koha item type Books
Holdings
Lost status Source of classification or shelving scheme Damaged status Not for loan Collection code Permanent Location Current Location Shelving location Date acquired Source of acquisition Cost, normal purchase price Total Checkouts Full call number Date last seen Copy number Koha item type
  Dewey Decimal Classification   Not For Loan Non-fiction Central Library, University of Rajshahi Central Library, University of Rajshahi Reading Room 29/04/1992 Abacas books, London 0.66   A 297.09 NAA 1980 20/12/2022 C-1 Books